000 00582nam a2200241Ia 4500
003 OSt
005 20221005113650.0
006 a|||||r|||| 00| 0
007 ta
008 221004b |||||||| |||| 00| 0 tam d
024 _a50393
037 _cTextual
040 _aCRL
_cCRL
_btam
041 _2tam
_atam
082 _aO31,3NNE,1, K0
100 _aNeelam Au.
_9554449
245 0 _aAbhaya Changu
260 _c1960
300 _a48p.
_ccm.
650 _aTAMIL FICTION
942 _hO31,3NNE,1, K0
_cTEXL
_2cc
999 _c1028879
_d1028879